Statistics for Iconic Monuments of Asia

Click here to take the quiz!

General Stats

  • This quiz has been taken 4 times
  • The average score is 6 of 14

Answer Stats

Answer% Correct
Mount Fuji
100%
Taj Mahal
100%
Burj Khalifa
75%
Forbidden City
75%
Mt. Everest
75%
Angkor Wat
50%
Blue Mosque
50%
Petra
50%
Al-Aqsa Mosque
0%
Borobudur Temple
0%
Chocolate Hills
0%
Goreme
0%
Marina Bay Sands
0%
Petronas Twin Towers
0%

Score Distribution

Percentile by Number Answered

Percent of People with Each Score

Your Score History

You have not taken this quiz